| 000 | 00636nam a2200169 4500 | ||
|---|---|---|---|
| 001 | 131350 | ||
| 003 | ES-MaACL | ||
| 005 | 20230906193950.0 | ||
| 007 | t| | ||
| 008 | 070214s1972 sp r ||||1| spa d | ||
| 100 | 1 |
_aRodríguez, Isaías. _998251 |
|
| 245 | 1 | 0 |
_aSanta Teresa de Jesús y la espiritualidad española _b: presencia de Santa Teresa de Jesús en autores espirituales españoles de los siglos XVII y XVIII / _cIsaías Rodríguez. |
| 260 |
_aMadrid : _bInstituto `Francisco Suárez`, _c1972. |
||
| 300 |
_aXXXII, 598 p. ; _c25 cm. |
||
| 710 | 2 |
_aInstituto "Francisco Suárez" _95062 |
|
| 852 |
_aES-MaACL _jC-50778 _bR.85266 |
||
| 999 |
_c131350 _d131350 |
||